[Event "London Classic op U1750 9th"]
[Site "London"]
[Date "2017.12.07"]
[Round "4"]
[White "Jung, Yoonseo"]
[Black "Obihara, Jason"]
[Result "0-1"]
[WhiteElo "1343"]
[BlackElo "1593"]
[PlyCount "84"]
[EventDate "2017.12.04"]
[EventType "swiss"]
[EventRounds "5"]
[EventCountry "ENG"]
[SourceTitle "CBM 182 Extra"]
[Source "ChessBase"]
[SourceDate "2018.02.23"]
[SourceVersion "1"]
[SourceVersionDate "2018.02.23"]
[SourceQuality "1"]

1. d4 e6 2. c4 f5 3. Nc3 Bb4 4. e3 Nf6 5. Bd3 Bxc3+ 6. bxc3 0-0 7. Ne2 b6 8. f3 Nh5 9. g3 Bb7 10. 0-0 d6 11. e4 Nd7 12. Qc2 Qf6 13. Bd2 g6 14. Bh6 Rf7 15. Qd2 Qh8 16. exf5 exf5 17. Rf2 Re8 18. Raf1 Qf6 19. Bg5 Qh8 20. c5 d5 21. cxb6 axb6 22. Bb5 c6 23. Bd3 b5 24. Bh6 Bc8 25. Rg2 Ndf6 26. Kh1 Ng7 27. Nc1 Ree7 28. Nb3 Ne6 29. Na5 Nd8 30. Nb3 Nb7 31. Bg5 Re6 32. g4 fxg4 33. fxg4 Rf8 34. Bh6 Rf7 35. Rgf2 Ree7 36. Qc2 Nxg4 37. Bxg6 Nxf2+ 38. Rxf2 Rxf2 39. Qxf2 Rg7 40. Bxg7 Qxg7 41. Bd3 Bh3 42. Qf4 Qg2# 0-1

[Event "London Classic op U2050-B 8th"]
[Site "London"]
[Date "2016.12.15"]
[Round "4"]
[White "Mason, Peter F"]
[Black "Obihara, Jason"]
[Result "1-0"]
[WhiteElo "1825"]
[BlackElo "1614"]
[PlyCount "93"]
[EventDate "2016.12.12"]
[EventType "swiss"]
[EventRounds "5"]
[EventCountry "ENG"]
[SourceTitle "EXT 2019"]
[Source "ChessBase"]
[SourceDate "2018.10.10"]
[SourceVersion "1"]
[SourceVersionDate "2018.10.10"]
[SourceQuality "1"]

1. e4 e6 2. Qe2 d5 3. exd5 Qxd5 4. Nc3 Qa5 5. Nf3 Nc6 6. d4 Bb4 7. Bd2 Nf6 8. a3 a6 9. g3 0-0 10. Bg2 Re8 11. 0-0 Bxc3 12. Bxc3 Qh5 13. Rfe1 Bd7 14. Ne5 Qxe2 15. Rxe2 Nxe5 16. dxe5 Nd5 17. Bxd5 exd5 18. Rd2 c6 19. Kg2 Bf5 20. b4 Rad8 21. Rad1 Re6 22. Bb2 b5 23. f3 h5 24. h3 Rde8 25. g4 Bg6 26. Kg3 f6 27. f4 hxg4 28. hxg4 Be4 29. f5 R6e7 30. exf6 gxf6 31. Bxf6 Rf7 32. Bd4 Rh7 33. c3 Kf7 34. Rh2 Rxh2 35. Kxh2 Bf3 36. Rg1 Re4 37. Kh3 Re2 38. Kg3 Be4 39. Kf4 Bg2 40. Rxg2 Rxg2 41. g5 Re2 42. g6+ Kg8 43. f6 Kf8 44. Bc5+ Ke8 45. f7+ Kd7 46. f8Q Re4+ 47. Kf5 1-0

[Event "London Classic op U2050-A 8th"]
[Site "London"]
[Date "2016.12.11"]
[Round "5"]
[White "Obihara, Jason"]
[Black "Watson, Jacob"]
[Result "0-1"]
[WhiteElo "1614"]
[BlackElo "1841"]
[PlyCount "96"]
[EventDate "2016.12.09"]
[EventType "swiss"]
[EventRounds "5"]
[EventCountry "ENG"]
[SourceTitle "EXT 2019"]
[Source "ChessBase"]
[SourceDate "2018.10.10"]
[SourceVersion "1"]
[SourceVersionDate "2018.10.10"]
[SourceQuality "1"]

1. d4 Nf6 2. Nf3 g6 3. Nc3 d5 4. Bf4 c6 5. e3 Nbd7 6. Be2 Bg7 7. Ne5 0-0 8. h4 h5 9. f3 Qb6 10. Rb1 c5 11. g4 cxd4 12. exd4 hxg4 13. fxg4 Nxe5 14. Bxe5 Qe6 15. g5 Ne4 16. Bxg7 Kxg7 17. Nxe4 Qxe4 18. Rh2 Rh8 19. Qd3 Rxh4 20. Qxe4 Rxe4 21. Kd2 Bg4 22. c3 Rxe2+ 23. Rxe2 Bxe2 24. Kxe2 Rh8 25. Kf3 f5 26. Re1 Kf7 27. Kf4 Rh4+ 28. Ke5 Re4+ 29. Rxe4 dxe4 30. Kf4 Ke6 31. c4 Kd6 32. b4 Kc6 33. a4 a6 34. Ke3 b6 35. d5+ Kd6 36. Kd4 e5+ 37. dxe6 Kxe6 38. Ke3 Ke5 39. c5 bxc5 40. bxc5 Kd5 41. c6 Kxc6 42. Kd4 Kb6 43. Ke5 e3 44. Kf6 f4 45. Kxg6 e2 46. Kf6 e1Q 47. g6 Qg1 48. g7 Qxg7+ 0-1

[Event "London Classic op U2050-A 8th"]
[Site "London"]
[Date "2016.12.10"]
[Round "3"]
[White "Obihara, Jason"]
[Black "Karumazondo, Ragarirai Ernest"]
[Result "0-1"]
[WhiteElo "1614"]
[BlackElo "1827"]
[PlyCount "76"]
[EventDate "2016.12.09"]
[EventType "swiss"]
[EventRounds "5"]
[EventCountry "ENG"]
[SourceTitle "EXT 2019"]
[Source "ChessBase"]
[SourceDate "2018.10.10"]
[SourceVersion "1"]
[SourceVersionDate "2018.10.10"]
[SourceQuality "1"]

1. d4 Nf6 2. Nf3 c5 3. dxc5 e6 4. b4 a5 5. c3 Na6 6. b5 Nxc5 7. a4 b6 8. Ba3 Bb7 9. Nbd2 Rc8 10. c4 Be7 11. e3 0-0 12. Be2 d5 13. 0-0 Qc7 14. Bb2 Rfd8 15. Qc2 Qb8 16. Be5 Bd6 17. Bxf6 gxf6 18. Qb2 Be7 19. Nd4 Kh8 20. f4 Ne4 21. Nxe4 dxe4 22. Bh5 Kg8 23. Qe2 Bf8 24. g4 Qc7 25. Rac1 Bc5 26. Qb2 Qe7 27. Qc3 Rc7 28. Rfd1 Rcd7 29. Kf2 Qf8 30. Ke2 Qh6 31. Nc2 Rd3 32. Qb2 e5 33. Rf1 Rd2+ 34. Ke1 Bb4 35. Qb1 Rxc2+ 36. Qxb4 Rxc1+ 37. Ke2 Rc2+ 38. Ke1 axb4 0-1

[Event "High Wycombe e2e4 op 10"]
[Site "High Wycombe"]
[Date "2012.10.13"]
[Round "3"]
[White "Obihara, Jason"]
[Black "Kelly, Anthony G"]
[Result "1-0"]
[WhiteElo "1659"]
[BlackElo "1883"]
[PlyCount "165"]
[EventDate "2012.10.12"]
[EventType "swiss"]
[EventRounds "5"]
[EventCountry "ENG"]
[SourceTitle "EXT 2013"]
[Source "ChessBase"]
[SourceDate "2012.11.22"]
[SourceVersion "1"]
[SourceVersionDate "2012.11.22"]
[SourceQuality "1"]

1. d4 Nf6 2. Nf3 d5 3. e3 Bg4 4. c4 e6 5. Qb3 Qc8 6. cxd5 exd5 7. Nc3 c6 8. Ne5 Bf5 9. Bd2 Qc7 10. Rc1 Qb6 11. Bd3 Qxb3 12. axb3 Bxd3 13. Nxd3 Nbd7 14. 0-0 Bd6 15. Rfe1 0-0 16. f3 Rfc8 17. e4 Bf8 18. e5 Ne8 19. e6 fxe6 20. Rxe6 Nc7 21. Re2 Re8 22. Ne5 Nxe5 23. dxe5 Ne6 24. f4 Nd4 25. Ree1 Nxb3 26. Rc2 Nxd2 27. Rxd2 Bb4 28. Kf1 Rad8 29. Red1 g5 30. g3 gxf4 31. gxf4 Kf7 32. Kg2 Re6 33. Re2 Rg8+ 34. Kf3 Rh6 35. f5 Rh5 36. Kf4 Rgg5 37. e6+ Kf6 38. Rxd5 Rxf5+ 39. Rxf5+ Rxf5+ 40. Kg4 Re5 41. Ne4+ Ke7 42. Kf3 Rxe6 43. Rg2 Rh6 44. Ng5 Rf6+ 45. Kg4 Rg6 46. Re2+ Kd7 47. Kf5 Rg7 48. Kf6 Re7 49. Ne6 a5 50. Re3 Bd6 51. h4 h5 52. Nf8+ Ke8 53. Ne6 b5 54. Rd3 Rd7 55. Ng7+ Kd8 56. Re3 Be7+ 57. Kg6 Bxh4 58. Re8+ Kc7 59. Nxh5 Rd2 60. Re4 Bf2 61. b3 Rd3 62. Re2 Bd4 63. Nf4 Rd1 64. Re7+ Kb6 65. Rd7 Rg1+ 66. Kf5 Ba1 67. Rd6 Kc5 68. Ke6 Re1+ 69. Kd7 Re4 70. Nd3+ Kb6 71. Rxc6+ Ka7 72. Rc7+ Ka8 73. Rc8+ Ka7 74. Nc5 Rh4 75. Rc7+ Ka8 76. Kc6 b4 77. Nd7 Rh6+ 78. Kb5 Bc3 79. Kxa5 Rg6 80. Nb6+ Kb8 81. Rd7 Rh6 82. Ka6 Be1 83. Rb7# 1-0

[Event "London e2e4 Diamond Jubilee op-B"]
[Site "London"]
[Date "2012.06.03"]
[Round "2"]
[White "Obihara, Jason"]
[Black "Spooner, Keith C"]
[Result "1/2-1/2"]
[WhiteElo "1678"]
[BlackElo "1568"]
[PlyCount "78"]
[EventDate "2012.06.02"]
[EventType "swiss"]
[EventRounds "7"]
[EventCountry "ENG"]
[SourceTitle "EXT 2014"]
[Source "ChessBase"]
[SourceDate "2013.11.20"]
[SourceVersion "1"]
[SourceVersionDate "2013.11.20"]
[SourceQuality "1"]

1. d4 Nf6 2. Nf3 g6 3. Nc3 d5 4. Bf4 c6 5. e3 Bg7 6. Be2 Bg4 7. h3 Bxf3 8. Bxf3 Nbd7 9. g4 Qb6 10. Rb1 0-0 11. g5 Ne8 12. h4 e5 13. dxe5 Nxe5 14. 0-0 Nxf3+ 15. Qxf3 Qb4 16. Ne2 Qe7 17. Qg3 Rd8 18. c3 Nd6 19. Bxd6 Qxd6 20. Qxd6 Rxd6 21. Rbd1 Re6 22. Nf4 Re4 23. Ng2 f6 24. f4 f5 25. Kf2 h5 26. Rd3 b5 27. Ne1 Rfe8 28. Nc2 a5 29. Rfd1 Kf7 30. b3 Ke6 31. Nd4+ Bxd4 32. cxd4 Kd7 33. Rc1 Ra8 34. Rdc3 Ra6 35. a4 b4 36. Rc5 Kd6 37. Ke2 Kd7 38. Kd3 Kd6 39. R1c2 Kd7 1/2-1/2

[Event "Uxbridge e2e4 Major op"]
[Site "Uxbridge"]
[Date "2011.03.18"]
[Round "1"]
[White "Obihara, Jason"]
[Black "Tobisch, John"]
[Result "0-1"]
[WhiteElo "1738"]
[BlackElo "1896"]
[PlyCount "92"]
[EventDate "2011.03.18"]
[EventType "swiss"]
[EventRounds "5"]
[EventCountry "ENG"]
[SourceTitle "EXT 2023"]
[Source "ChessBase"]
[SourceDate "2022.10.05"]
[SourceVersion "1"]
[SourceVersionDate "2022.10.05"]
[SourceQuality "1"]

1. d4 e6 2. e4 d5 3. e5 c5 4. c3 Nc6 5. Nf3 Qb6 6. Bd3 Nh6 7. 0-0 cxd4 8. cxd4 Nf5 9. Bxf5 exf5 10. Nc3 Be6 11. Rb1 Be7 12. Be3 h6 13. a3 Rc8 14. b4 Qd8 15. Qa4 0-0 16. Rbc1 g5 17. b5 Na5 18. Nb1 Qb6 19. Rfd1 f4 20. Bd2 Nc4 21. Bc3 Bd7 22. Qb3 Qxb5 23. Qxb5 Bxb5 24. Bb4 Bxb4 25. axb4 Nb2 26. Re1 Nd3 27. Rxc8 Rxc8 28. Rd1 Nxb4 29. Na3 Ba6 30. h4 g4 31. Nd2 Rc3 32. Rb1 Rxa3 33. Rxb4 g3 34. fxg3 fxg3 35. Rb1 Bd3 36. Rc1 Kg7 37. Nf3 Bc4 38. Re1 b5 39. h5 b4 40. Nh4 Bd3 41. Nf3 b3 42. e6 fxe6 43. Rxe6 Ra1+ 44. Ne1 Be4 45. Re7+ Kf6 46. Rb7 Rxe1# 0-1